| 000 | 00684nam a2200193 i 4500 | ||
|---|---|---|---|
| 001 | 30392 | ||
| 003 | ES-MaACL | ||
| 005 | 20240219222655.0 | ||
| 008 | 030124s1974 ag f |||| |bspa d | ||
| 100 | 1 |
_aBausili, Andrés. _926614 |
|
| 245 | 1 | 0 |
_aCambó y el desarrollo _b: acontecer económico en su época y en el mundo contemporáneo / _cAndrés Bausili. |
| 260 |
_aBuenos Aires : _bInstitución Cultural Española, _c1974. |
||
| 300 |
_a382 p., 1 lám. col. ; _c21 cm. |
||
| 600 | 1 | 4 |
_aCambó, Francesc, _d1876-1947 _934032 |
| 710 | 2 |
_aInstitución Cultural Española (Buenos Aires) _94714 |
|
| 852 |
_aES-MaACL _jA-7606 |
||
| 852 |
_aES-MaACL _jA-8047 |
||
| 999 |
_c30392 _d30392 |
||